| 000 -LEADER |
| fixed length control field |
00714cam a2200229 a 4500 |
| 005 - DATE AND TIME OF LATEST TRANSACTION |
| control field |
20131119111237.0 |
| 008 - FIXED-LENGTH DATA ELEMENTS--GENERAL INFORMATION |
| fixed length control field |
870810s1988 maua b 001 0 eng |
| 020 ## - INTERNATIONAL STANDARD BOOK NUMBER |
| International Standard Book Number |
0805309039 |
| 041 0# - LANGUAGE CODE |
| Language code of text/sound track or separate title |
eng |
| 080 ## - UNIVERSAL DECIMAL CLASSIFICATION NUMBER |
| Universal Decimal Classification number |
004 |
| Common auxiliary subdivision |
(075.8) |
| 100 1# - Rafti |
| Rafti |
Brookshear, J. Glenn. |
| 245 10 - TITLE STATEMENT |
| Title |
Computer science : |
| Statement of responsibility, etc |
J. Glenn Brookshear. |
| 250 ## - |
| -- |
2nd ed. |
| 260 ## - |
| -- |
Reading, Mass. : |
| -- |
Benjamin / Cummings Pub. Co., |
| -- |
c1988. |
| 300 ## - |
| -- |
493 f. : |
| -- |
me il. ; |
| -- |
24 cm. |
| 440 #4 - |
| -- |
The Benjamin/Cummings series in structured programming |
| 500 ## - |
| -- |
Parathënie : f. V-VIII. Includes index. |
| 504 ## - BIBLIOGRAPHY, ETC. NOTE |
| Bibliography, etc |
Bibliography: f. 484-486. |
| 650 #0 - |
| -- |
Computer science. |
| 650 #0 - |
| -- |
Kompjutere |
| 942 ## - ADDED ENTRY ELEMENTS (KOHA) |
| Source of classification or shelving scheme |
|
| Item type |
Books |